[Event "ODJM A 2025"]
[Site "Willingen GER"]
[Date "2025.06.08"]
[Round "1"]
[White "Kraus, Linus"]
[Black "Tulchynsky, David"]
[Result "0-1"]
[Termination "normal"]
[Board "23"]
[WhiteElo "1886"]
[BlackElo "2009"]
[WhiteClock "00:31:03"]
[BlackClock "00:12:17"]
[PlyCount "98"]
[WhiteFideId "34629629"]
[BlackFideId "16289560"]
[EventCountry "GER"]
[EventRounds "9"]
[EventType "swiss"]
[EventDate "2025.06.07"]

1. Nf3 {[%clk 01:30:57]} {[%emt 00:00:03]} Nf6 {[%clk 01:30:11]} {[%emt
00:00:49]} 2. g3 {[%clk 01:31:18]} {[%emt 00:00:09]} d5 {[%clk 01:29:13]}
{[%emt 00:01:28]} 3. Bg2 {[%clk 01:31:39]} {[%emt 00:00:08]} e6 {[%clk
01:26:05]} {[%emt 00:03:39]} 4. d4 {[%clk 01:32:00]} {[%emt 00:00:09]} b5
{[%clk 01:26:17]} {[%emt 00:00:18]} 5. a4 {[%clk 01:30:41]} {[%emt 00:01:49]}
b4 {[%clk 01:25:39]} {[%emt 00:01:09]} 6. c4 {[%clk 01:29:49]} {[%emt
00:01:22]} bxc3 {[%clk 01:26:03]} {[%emt 00:00:05]} 7. Nxc3 {[%clk 01:30:09]}
{[%emt 00:00:10]} a5 {[%clk 01:22:25]} {[%emt 00:04:08]} 8. O-O {[%clk
01:26:20]} {[%emt 00:04:18]} Be7 {[%clk 01:22:10]} {[%emt 00:00:46]} 9. Qc2
{[%clk 01:26:23]} {[%emt 00:00:27]} O-O {[%clk 01:21:07]} {[%emt 00:01:32]} 10.
Nb5 {[%clk 01:22:34]} {[%emt 00:04:20]} c6 {[%clk 01:21:26]} {[%emt 00:00:12]}
11. Nc3 {[%clk 01:20:28]} {[%emt 00:02:35]} Na6 {[%clk 01:18:07]} {[%emt
00:03:49]} 12. Bf4 {[%clk 01:16:58]} {[%emt 00:03:59]} Nb4 {[%clk 01:18:05]}
{[%emt 00:00:33]} 13. Qd2 {[%clk 01:16:32]} {[%emt 00:00:56]} Ba6 {[%clk
01:18:01]} {[%emt 00:00:33]} 14. Rac1 {[%clk 01:15:34]} {[%emt 00:01:29]} Rc8
{[%clk 01:14:28]} {[%emt 00:04:03]} 15. Rfd1 {[%clk 01:12:26]} {[%emt
00:03:38]} Nd7 {[%clk 01:01:48]} {[%emt 00:13:38]} 16. e4 {[%clk 01:08:17]}
{[%emt 00:04:10]} Nb6 {[%clk 01:01:45]} {[%emt 00:00:33]} 17. b3 {[%clk
01:07:27]} {[%emt 00:01:21]} c5 {[%clk 00:50:23]} {[%emt 00:11:52]} 18. dxc5
{[%clk 01:03:36]} {[%emt 00:04:21]} Bxc5 {[%clk 00:50:34]} {[%emt 00:00:18]}
19. Nb5 {[%clk 01:02:41]} {[%emt 00:01:26]} dxe4 {[%clk 00:48:10]} {[%emt
00:02:54]} 20. Qxd8 {[%clk 00:53:24]} {[%emt 00:09:47]} Rcxd8 {[%clk 00:47:13]}
{[%emt 00:01:27]} 21. Rxd8 {[%clk 00:41:48]} {[%emt 00:12:06]} Rxd8 {[%clk
00:46:45]} {[%emt 00:00:58]} 22. Ne1 {[%clk 00:41:02]} {[%emt 00:01:15]} Be7
{[%clk 00:39:21]} {[%emt 00:07:54]} 23. Bc7 {[%clk 00:40:58]} {[%emt 00:00:34]}
Rc8 {[%clk 00:31:12]} {[%emt 00:08:38]} 24. Na7 {[%clk 00:41:08]} {[%emt
00:00:22]} Rxc7 {[%clk 00:30:56]} {[%emt 00:00:46]} 25. Rxc7 {[%clk 00:41:17]}
{[%emt 00:00:20]} N6d5 {[%clk 00:31:23]} {[%emt 00:00:03]} 26. Rc1 {[%clk
00:35:36]} {[%emt 00:06:08]} Bg5 {[%clk 00:24:39]} {[%emt 00:07:17]} 27. Rc5
{[%clk 00:33:49]} {[%emt 00:02:17]} Be7 {[%clk 00:15:38]} {[%emt 00:09:32]} 28.
Rxa5 {[%clk 00:32:23]} {[%emt 00:01:57]} Bd8 {[%clk 00:16:04]} {[%emt
00:00:03]} 29. Nc6 {[%clk 00:30:22]} {[%emt 00:02:31]} Bxa5 {[%clk 00:16:14]}
{[%emt 00:00:20]} 30. Nxa5 {[%clk 00:30:48]} {[%emt 00:00:05]} f5 {[%clk
00:11:29]} {[%emt 00:05:14]} 31. Bf1 {[%clk 00:30:44]} {[%emt 00:00:33]} Nd3
{[%clk 00:11:37]} {[%emt 00:00:22]} 32. Nxd3 {[%clk 00:30:02]} {[%emt
00:01:13]} exd3 {[%clk 00:11:52]} {[%emt 00:00:15]} 33. Nc4 {[%clk 00:30:23]}
{[%emt 00:00:09]} Bxc4 {[%emt 00:00:11]} 34. bxc4 {[%clk 00:29:49]} {[%emt
00:01:03]} d2 {[%clk 00:12:33]} {[%emt 00:00:08]} 35. Be2 {[%clk 00:30:08]}
{[%emt 00:00:11]} Nc3 {[%clk 00:12:55]} {[%emt 00:00:08]} 36. Kf1 {[%clk
00:30:14]} {[%emt 00:00:24]} Nxa4 {[%clk 00:10:46]} {[%emt 00:02:39]} 37. c5
{[%clk 00:29:18]} {[%emt 00:01:26]} Nxc5 {[%clk 00:10:08]} {[%emt 00:01:09]}
38. Bd1 {[%clk 00:29:21]} {[%emt 00:00:27]} Ne4 {[%clk 00:10:20]} {[%emt
00:00:18]} 39. Ke2 {[%clk 00:29:44]} {[%emt 00:00:07]} Nc3+ {[%clk 00:10:35]}
{[%emt 00:00:14]} 40. Kxd2 {[%clk 00:30:07]} {[%emt 00:00:07]} Nxd1 {[%clk
00:11:02]} {[%emt 00:00:04]} 41. Kxd1 {[%clk 00:30:19]} {[%emt 00:00:18]} e5
{[%clk 00:11:25]} {[%emt 00:00:07]} 42. Kd2 {[%clk 00:30:23]} {[%emt 00:00:26]}
Kf7 {[%clk 00:11:50]} {[%emt 00:00:04]} 43. Kd3 {[%clk 00:30:40]} {[%emt
00:00:13]} Ke6 {[%clk 00:12:15]} {[%emt 00:00:05]} 44. Kc4 {[%clk 00:30:24]}
{[%emt 00:00:46]} Kd6 {[%clk 00:11:58]} {[%emt 00:00:48]} 45. f3 {[%clk
00:30:41]} {[%emt 00:00:13]} h5 {[%clk 00:11:09]} {[%emt 00:01:19]} 46. h3
{[%clk 00:31:04]} {[%emt 00:00:06]} Kc6 {[%clk 00:11:16]} {[%emt 00:00:23]} 47.
g4 {[%clk 00:30:24]} {[%emt 00:01:10]} hxg4 {[%clk 00:11:35]} {[%emt 00:00:12]}
48. hxg4 {[%clk 00:30:44]} {[%emt 00:00:09]} fxg4 {[%clk 00:11:52]} {[%emt
00:00:13]} 49. fxg4 {[%clk 00:31:03]} {[%emt 00:00:11]} g5 {[%clk 00:12:17]}
{[%emt 00:00:05]} 0-1

[Event "ODJM A 2025"]
[Site "Willingen GER"]
[Date "2025.06.08"]
[Round "1"]
[White "Vollmar, Timo"]
[Black "Ye, Philipp"]
[Result "1/2-1/2"]
[Termination "normal"]
[Board "24"]
[WhiteElo "1885"]
[BlackElo "1863"]
[WhiteClock "00:36:32"]
[BlackClock "00:19:36"]
[PlyCount "58"]
[WhiteFideId "16253582"]
[BlackFideId "34646787"]
[EventCountry "GER"]
[EventRounds "9"]
[EventType "swiss"]
[EventDate "2025.06.07"]

1. e4 {[%clk 01:30:56]} {[%emt 00:00:02]} c6 {[%clk 01:30:34]} {[%emt
00:00:28]} 2. d4 {[%clk 01:31:17]} {[%emt 00:00:08]} d5 {[%clk 01:30:57]}
{[%emt 00:00:06]} 3. f3 {[%clk 01:31:29]} {[%emt 00:00:18]} dxe4 {[%clk
01:30:22]} {[%emt 00:01:07]} 4. fxe4 {[%clk 01:31:49]} {[%emt 00:00:10]} e5
{[%clk 01:30:46]} {[%emt 00:00:05]} 5. Nf3 {[%clk 01:31:55]} {[%emt 00:00:25]}
Bg4 {[%clk 01:31:09]} {[%emt 00:00:06]} 6. c3 {[%clk 01:31:25]} {[%emt
00:01:00]} Nd7 {[%clk 01:31:26]} {[%emt 00:00:14]} 7. Be2 {[%clk 01:31:14]}
{[%emt 00:00:40]} Ngf6 {[%clk 01:27:46]} {[%emt 00:04:10]} 8. O-O {[%clk
01:29:57]} {[%emt 00:01:48]} Bd6 {[%clk 01:21:38]} {[%emt 00:06:37]} 9. Nbd2
{[%clk 01:29:15]} {[%emt 00:01:12]} Bxf3 {[%clk 01:11:29]} {[%emt 00:10:40]}
10. Rxf3 {[%clk 01:24:26]} {[%emt 00:05:17]} h6 {[%clk 01:07:59]} {[%emt
00:04:01]} 11. Qb3 {[%clk 01:16:29]} {[%emt 00:08:26]} b5 {[%clk 01:02:19]}
{[%emt 00:14:38]} 12. Nf1 {[%clk 01:14:10]} b4 {[%clk 00:39:06]} {[%emt
00:18:04]} 13. Ne3 {[%clk 01:04:35]} {[%emt 00:10:05]} g6 {[%clk 00:34:37]}
{[%emt 00:04:59]} 14. Nc4 {[%clk 01:03:21]} {[%emt 00:01:44]} Qe7 {[%clk
00:33:52]} {[%emt 00:01:15]} 15. Nxd6+ {[%clk 00:58:55]} {[%emt 00:04:56]} Qxd6
{[%clk 00:34:08]} {[%emt 00:00:15]} 16. Bc4 {[%clk 00:58:40]} {[%emt 00:00:44]}
O-O-O {[%clk 00:29:52]} {[%emt 00:04:46]} 17. Be3 {[%clk 00:50:07]} {[%emt
00:09:03]} Ng4 {[%clk 00:28:42]} {[%emt 00:01:40]} 18. Qa4 {[%clk 00:46:09]}
{[%emt 00:04:28]} Nxe3 {[%clk 00:22:24]} {[%emt 00:06:49]} 19. Qxa7 {[%clk
00:46:00]} {[%emt 00:00:39]} Nxc4 {[%clk 00:22:11]} {[%emt 00:00:43]} 20. Qa6+
{[%clk 00:45:43]} {[%emt 00:00:47]} Kb8 {[%clk 00:22:14]} {[%emt 00:00:26]} 21.
Qxc4 {[%clk 00:46:07]} {[%emt 00:00:06]} f6 {[%clk 00:20:25]} {[%emt 00:02:20]}
22. a3 {[%clk 00:46:06]} {[%emt 00:00:30]} b3 {[%clk 00:19:59]} {[%emt
00:00:57]} 23. Raf1 {[%clk 00:42:58]} {[%emt 00:03:37]} Kc7 {[%clk 00:19:19]}
{[%emt 00:01:11]} 24. Qxb3 {[%clk 00:42:40]} {[%emt 00:00:47]} exd4 {[%clk
00:18:46]} {[%emt 00:01:03]} 25. Qa4 {[%clk 00:41:13]} {[%emt 00:01:57]} d3
{[%clk 00:18:25]} {[%emt 00:00:52]} 26. Qa7+ {[%clk 00:41:05]} {[%emt
00:00:37]} Kc8 {[%clk 00:18:49]} {[%emt 00:00:06]} 27. Qa6+ {[%clk 00:40:32]}
{[%emt 00:01:04]} Kc7 {[%clk 00:19:12]} {[%emt 00:00:07]} 28. Qa7+ {[%clk
00:40:15]} {[%emt 00:00:48]} Kc8 {[%clk 00:19:36]} {[%emt 00:00:06]} 29. Qa6+
{[%clk 00:36:32]} {[%emt 00:04:13]} Kc7 {[%clk 00:19:36]} {[%emt 00:00:29]}
1/2-1/2

[Event "ODJM A 2025"]
[Site "Willingen GER"]
[Date "2025.06.08"]
[Round "1"]
[White "Zhang, Onno"]
[Black "Müller, Mark"]
[Result "1-0"]
[Termination "normal"]
[Board "25"]
[WhiteElo "1859"]
[BlackElo "2029"]
[WhiteClock "00:22:21"]
[BlackClock "00:03:10"]
[PlyCount "58"]
[WhiteFideId "34643397"]
[BlackFideId "12997218"]
[EventCountry "GER"]
[EventRounds "9"]
[EventType "swiss"]
[EventDate "2025.06.07"]

1. e4 {[%clk 01:30:53]} {[%emt 00:00:06]} c5 {[%clk 01:30:52]} {[%emt
00:00:08]} 2. Nf3 {[%clk 01:31:15]} {[%emt 00:00:08]} e6 {[%clk 01:31:14]}
{[%emt 00:00:08]} 3. d4 {[%clk 01:31:37]} {[%emt 00:00:08]} cxd4 {[%clk
01:31:38]} {[%emt 00:00:05]} 4. Nxd4 {[%clk 01:31:55]} {[%emt 00:00:13]} Nf6
{[%clk 01:32:00]} {[%emt 00:00:07]} 5. Nc3 {[%clk 01:32:12]} {[%emt 00:00:14]}
Nc6 {[%clk 01:32:23]} {[%emt 00:00:07]} 6. Ndb5 {[%clk 01:32:29]} {[%emt
00:00:13]} Bc5 {[%clk 01:31:02]} {[%emt 00:01:51]} 7. Bf4 {[%clk 01:32:46]}
{[%emt 00:00:14]} O-O {[%clk 01:31:24]} {[%emt 00:00:07]} 8. Bc7 {[%clk
01:32:08]} {[%emt 00:01:09]} Qe7 {[%clk 01:31:43]} {[%emt 00:00:09]} 9. Bd6
{[%clk 01:32:22]} {[%emt 00:00:18]} Bxd6 {[%clk 01:32:06]} {[%emt 00:00:07]}
10. Qxd6 {[%clk 01:32:42]} {[%emt 00:00:09]} Qd8 {[%clk 01:32:22]} {[%emt
00:00:10]} 11. O-O-O {[%clk 01:32:35]} {[%emt 00:00:43]} a6 {[%clk 01:31:58]}
{[%emt 00:00:52]} 12. Nd4 {[%clk 01:32:28]} {[%emt 00:00:37]} Ne7 {[%clk
01:32:21]} {[%emt 00:00:08]} 13. h4 {[%clk 01:32:38]} {[%emt 00:00:19]} b5
{[%clk 01:30:34]} {[%emt 00:02:17]} 14. h5 {[%clk 01:30:17]} {[%emt 00:02:50]}
h6 {[%clk 01:19:26]} {[%emt 00:11:40]} 15. Bd3 {[%clk 01:23:55]} {[%emt
00:06:52]} Bb7 {[%clk 01:11:58]} {[%emt 00:07:57]} 16. g4 {[%clk 01:03:04]}
{[%emt 00:22:06]} Rc8 {[%clk 00:33:52]} {[%emt 00:37:52]} 17. Rdg1 {[%clk
00:49:48]} {[%emt 00:13:45]} Rxc3 {[%clk 00:30:28]} {[%emt 00:03:54]} 18. bxc3
{[%clk 00:49:59]} {[%emt 00:00:19]} Bxe4 {[%clk 00:29:21]} {[%emt 00:01:37]}
19. Bxe4 {[%clk 00:43:09]} {[%emt 00:07:21]} Nxe4 {[%clk 00:29:37]} {[%emt
00:00:14]} 20. Qe5 {[%clk 00:41:34]} {[%emt 00:02:04]} Nf6 {[%clk 00:13:29]}
{[%emt 00:16:39]} 21. g5 {[%clk 00:38:01]} {[%emt 00:03:56]} d6 {[%clk
00:13:22]} {[%emt 00:00:44]} 22. Qg3 {[%clk 00:27:02]} {[%emt 00:11:22]} Ne4
{[%clk 00:08:53]} {[%emt 00:05:06]} 23. Qg2 {[%clk 00:26:29]} {[%emt 00:01:00]}
Nxg5 {[%clk 00:07:31]} {[%emt 00:01:55]} 24. f4 {[%clk 00:26:40]} {[%emt
00:00:18]} Qa5 {[%clk 00:04:23]} {[%emt 00:03:39]} 25. fxg5 {[%clk 00:26:31]}
{[%emt 00:00:39]} Nd5 {[%clk 00:03:56]} {[%emt 00:00:57]} 26. Nb3 {[%clk
00:23:08]} {[%emt 00:03:51]} Qa3+ {[%clk 00:03:27]} {[%emt 00:01:01]} 27. Kd2
{[%clk 00:22:26]} {[%emt 00:01:11]} Qb2 {[%clk 00:03:00]} {[%emt 00:00:59]} 28.
gxh6 {[%clk 00:22:03]} {[%emt 00:00:52]} Qxc3+ {[%clk 00:03:19]} {[%emt
00:00:11]} 29. Kc1 {[%clk 00:22:21]} {[%emt 00:00:08]} Qe3+ {[%clk 00:03:10]}
{[%emt 00:00:43]} 1-0

[Event "ODJM A 2025"]
[Site "Willingen GER"]
[Date "2025.06.08"]
[Round "1"]
[White "Ellinger, Maximilian"]
[Black "Weeke, Tom"]
[Result "1/2-1/2"]
[Termination "normal"]
[Board "26"]
[WhiteElo "2039"]
[BlackElo "1843"]
[WhiteClock "00:05:51"]
[BlackClock "00:15:57"]
[PlyCount "75"]
[WhiteFideId "34631003"]
[BlackFideId "34607080"]
[EventCountry "GER"]
[EventRounds "9"]
[EventType "swiss"]
[EventDate "2025.06.07"]

1. e4 {[%clk 01:30:57]} {[%emt 00:00:02]} e6 {[%clk 01:30:43]} {[%emt
00:00:18]} 2. d4 {[%clk 01:31:21]} {[%emt 00:00:06]} d5 {[%emt 00:00:13]} 3.
Nc3 {[%clk 01:31:37]} {[%emt 00:00:04]} Nf6 {[%clk 01:31:33]} {[%emt 00:00:05]}
4. Bg5 {[%clk 01:31:52]} {[%emt 00:00:15]} dxe4 {[%clk 01:31:57]} {[%emt
00:00:08]} 5. Nxe4 {[%clk 01:32:15]} {[%emt 00:00:06]} Be7 {[%clk 01:32:23]}
{[%emt 00:00:04]} 6. Bxf6 {[%clk 01:32:35]} {[%emt 00:00:11]} gxf6 {[%clk
01:32:45]} {[%emt 00:00:09]} 7. Nf3 {[%clk 01:32:57]} {[%emt 00:00:06]} f5
{[%clk 01:32:55]} {[%emt 00:00:20]} 8. Nc3 {[%clk 01:33:20]} {[%emt 00:00:08]}
a6 {[%clk 01:32:13]} {[%emt 00:01:11]} 9. g3 {[%clk 01:32:58]} {[%emt
00:00:53]} b5 {[%clk 01:32:10]} {[%emt 00:00:31]} 10. Bg2 {[%clk 01:33:17]}
{[%emt 00:00:11]} Bb7 {[%clk 01:32:33]} {[%emt 00:00:08]} 11. O-O {[%clk
01:31:55]} {[%emt 00:01:52]} c5 {[%clk 01:29:48]} {[%emt 00:03:15]} 12. dxc5
{[%clk 00:34:45]} {[%emt 00:57:41]} Qxd1 {[%clk 01:17:17]} {[%emt 00:12:59]}
13. Raxd1 {[%clk 00:34:57]} {[%emt 00:00:18]} Bxc5 {[%clk 01:17:17]} {[%emt
00:00:30]} 14. Ne5 {[%clk 00:34:07]} {[%emt 00:01:20]} Bxg2 {[%clk 01:04:48]}
{[%emt 00:13:00]} 15. Kxg2 {[%clk 00:34:05]} {[%emt 00:00:32]} Ke7 {[%clk
01:03:40]} {[%emt 00:01:38]} 16. Rd2 {[%clk 00:27:29]} {[%emt 00:07:05]} Ra7
{[%clk 00:55:15]} {[%emt 00:08:55]} 17. Rfd1 {[%clk 00:23:54]} {[%emt
00:04:05]} Rc8 {[%clk 00:49:49]} {[%emt 00:05:56]} 18. Ne2 {[%clk 00:22:19]}
{[%emt 00:02:05]} Rac7 {[%clk 00:39:32]} {[%emt 00:10:47]} 19. a3 {[%clk
00:20:50]} {[%emt 00:02:00]} Kf6 {[%clk 00:33:13]} {[%emt 00:06:49]} 20. Nd3
{[%clk 00:17:33]} {[%emt 00:03:47]} Bb6 {[%clk 00:31:23]} {[%emt 00:02:19]} 21.
c3 {[%clk 00:17:22]} {[%emt 00:00:42]} Rd7 {[%clk 00:29:09]} {[%emt 00:02:43]}
22. Nb4 {[%clk 00:16:20]} {[%emt 00:01:32]} Rxd2 {[%clk 00:26:32]} {[%emt
00:03:07]} 23. Rxd2 {[%clk 00:16:35]} {[%emt 00:00:16]} a5 {[%clk 00:26:14]}
{[%emt 00:00:47]} 24. Nc2 {[%clk 00:16:39]} {[%emt 00:00:26]} Nc6 {[%clk
00:23:43]} {[%emt 00:03:00]} 25. Ncd4 {[%clk 00:16:00]} {[%emt 00:01:10]} Nxd4
{[%clk 00:23:21]} {[%emt 00:00:53]} 26. Nxd4 {[%clk 00:16:17]} {[%emt
00:00:13]} Bxd4 {[%clk 00:23:25]} {[%emt 00:00:25]} 27. Rxd4 {[%clk 00:16:43]}
{[%emt 00:00:05]} Rc7 {[%clk 00:21:59]} {[%emt 00:01:56]} 28. a4 {[%clk
00:16:10]} {[%emt 00:01:03]} Rb7 {[%clk 00:20:50]} {[%emt 00:01:38]} 29. axb5
{[%clk 00:16:07]} {[%emt 00:00:33]} Rxb5 {[%clk 00:21:15]} {[%emt 00:00:06]}
30. Rd2 {[%clk 00:16:29]} {[%emt 00:00:08]} a4 {[%clk 00:20:32]} {[%emt
00:01:13]} 31. Kf3 {[%clk 00:13:32]} {[%emt 00:03:27]} a3 {[%clk 00:19:53]}
{[%emt 00:01:08]} 32. bxa3 {[%clk 00:13:53]} {[%emt 00:00:09]} Rb3 {[%clk
00:20:19]} {[%emt 00:00:04]} 33. Rc2 {[%clk 00:13:53]} {[%emt 00:00:31]} Rxa3
{[%clk 00:20:44]} {[%emt 00:00:05]} 34. Ke3 {[%clk 00:13:44]} {[%emt 00:00:39]}
Ke5 {[%clk 00:18:47]} {[%emt 00:02:27]} 35. Kd3 {[%clk 00:12:25]} {[%emt
00:01:49]} Kd5 {[%clk 00:17:31]} {[%emt 00:01:46]} 36. f3 {[%clk 00:10:51]}
{[%emt 00:02:04]} e5 {[%clk 00:17:12]} {[%emt 00:00:49]} 37. Ke3 {[%clk
00:08:11]} {[%emt 00:03:09]} h5 {[%clk 00:15:57]} {[%emt 00:01:45]} 38. Kd3
{[%clk 00:05:51]} 1/2-1/2

[Event "ODJM A 2025"]
[Site "Willingen GER"]
[Date "2025.06.08"]
[Round "1"]
[White "Grunert, Wilhelm"]
[Black "Mehner, Lorenz"]
[Result "0-1"]
[Termination "normal"]
[Board "27"]
[WhiteElo "1892"]
[BlackElo "2001"]
[WhiteClock "00:00:39"]
[BlackClock "00:00:31"]
[PlyCount "67"]
[WhiteFideId "12995673"]
[BlackFideId "16293096"]
[EventCountry "GER"]
[EventRounds "9"]
[EventType "swiss"]
[EventDate "2025.06.07"]

1. e4 {[%clk 01:30:57]} {[%emt 00:00:02]} e6 {[%clk 01:30:51]} {[%emt
00:00:09]} 2. d4 {[%clk 01:31:14]} {[%emt 00:00:14]} d5 {[%clk 01:31:10]}
{[%emt 00:00:10]} 3. Nd2 {[%clk 01:31:18]} {[%emt 00:00:27]} Be7 {[%clk
01:31:18]} {[%emt 00:00:21]} 4. c3 {[%clk 01:28:12]} {[%emt 00:03:36]} c5
{[%clk 01:30:44]} {[%emt 00:01:04]} 5. exd5 {[%clk 01:21:23]} {[%emt 00:07:19]}
exd5 {[%clk 01:25:20]} {[%emt 00:05:55]} 6. Bd3 {[%clk 01:18:32]} {[%emt
00:03:21]} cxd4 {[%clk 01:19:23]} {[%emt 00:06:26]} 7. cxd4 {[%clk 01:18:06]}
{[%emt 00:00:56]} Nc6 {[%clk 01:18:31]} {[%emt 00:01:22]} 8. Ngf3 {[%clk
01:08:55]} {[%emt 00:09:42]} Nf6 {[%clk 01:17:25]} {[%emt 00:01:35]} 9. h3
{[%clk 01:02:09]} {[%emt 00:07:16]} O-O {[%clk 01:15:30]} {[%emt 00:02:26]} 10.
a3 {[%clk 01:01:01]} {[%emt 00:09:18]} a5 {[%clk 01:06:01]} {[%emt 00:02:18]}
11. O-O {[%clk 00:51:49]} {[%emt 00:09:42]} Qb6 {[%clk 00:57:11]} {[%emt
00:09:20]} 12. Qa4 {[%clk 00:49:32]} {[%emt 00:02:47]} Bd7 {[%clk 00:56:28]}
{[%emt 00:01:13]} 13. Bb5 {[%clk 00:46:33]} {[%emt 00:03:29]} Ne8 {[%clk
00:44:48]} {[%emt 00:12:09]} 14. Nb1 {[%clk 00:38:01]} {[%emt 00:09:03]} Nc7
{[%clk 00:37:15]} {[%emt 00:08:03]} 15. Nc3 {[%clk 00:37:13]} {[%emt 00:01:19]}
Rac8 {[%clk 00:17:12]} {[%emt 00:20:32]} 16. Bf4 {[%clk 00:30:24]} {[%emt
00:07:19]} Be6 {[%clk 00:12:13]} {[%emt 00:05:29]} 17. Rac1 {[%clk 00:21:56]}
{[%emt 00:08:58]} Nxb5 {[%clk 00:04:57]} {[%emt 00:07:46]} 18. Qxb5 {[%clk
00:21:17]} {[%emt 00:01:09]} Qxb5 {[%clk 00:02:01]} {[%emt 00:03:27]} 19. Nxb5
{[%clk 00:21:39]} {[%emt 00:00:07]} f6 {[%clk 00:01:26]} {[%emt 00:01:05]} 20.
Rfe1 {[%clk 00:18:11]} {[%emt 00:03:58]} Bf7 {[%clk 00:01:45]} {[%emt
00:00:10]} 21. Nd2 {[%clk 00:13:16]} {[%emt 00:05:26]} Bd8 {[%clk 00:00:50]}
{[%emt 00:01:24]} 22. Nb3 {[%clk 00:09:28]} {[%emt 00:04:19]} Bb6 {[%clk
00:01:05]} {[%emt 00:00:15]} 23. Bd6 {[%clk 00:02:21]} {[%emt 00:07:37]} Rfe8
{[%clk 00:01:00]} {[%emt 00:00:34]} 24. Kf1 {[%clk 00:01:41]} {[%emt 00:01:10]}
Rxe1+ {[%clk 00:00:37]} {[%emt 00:00:54]} 25. Kxe1 {[%clk 00:01:48]} {[%emt
00:00:23]} Re8+ {[%clk 00:00:50]} {[%emt 00:00:17]} 26. Kd2 {[%clk 00:01:57]}
{[%emt 00:00:21]} a4 {[%clk 00:00:38]} {[%emt 00:00:42]} 27. Nc5 {[%clk
00:01:31]} {[%emt 00:00:55]} Ba5+ {[%clk 00:00:54]} {[%emt 00:00:14]} 28. Nc3
{[%clk 00:00:32]} {[%emt 00:01:30]} Nxd4 {[%clk 00:00:49]} {[%emt 00:00:36]}
29. Kd3 {[%clk 00:00:36]} {[%emt 00:00:25]} Nb3 {[%clk 00:00:37]} {[%emt
00:00:42]} 30. Nxb3 axb3 {[%clk 00:01:04]} 31. Kd4 {[%clk 00:00:44]} {[%emt
00:00:37]} Rc8 {[%clk 00:00:36]} {[%emt 00:00:58]} 32. Kd3 {[%clk 00:00:32]}
{[%emt 00:00:43]} Bg6+ {[%clk 00:00:37]} {[%emt 00:00:28]} 33. Ke3 {[%clk
00:00:39]} {[%emt 00:00:23]} Bxc3 {[%clk 00:00:31]} {[%emt 00:00:36]} 34. Bb4
{[%emt 00:00:39]} 0-1